Marcatori dell'Argentina ai Mondiali - Russia 2018 - Statistics

Statistiche generali
  • Questo quiz è stato fatto 10 volte
  • Il punteggio medio è 4 su 6
Statistiche sulle risposte
Partita Minuto Marcatore % Corretto
Nigeria - Argentina 1-2 14' Lionel Messi
100%
Argentina - Islanda 1-1 19' Sergio Agüero
90%
Francia - Argentina 4-3 93' Sergio Agüero
90%
Francia - Argentina 4-3 41' Ángel Di María
70%
Nigeria - Argentina 1-2 86' Marcos Rojo
20%
Francia - Argentina 4-3 48' Gabriel Mercado
0%
Nessun quiz corrispondente trovato
Distribuzione punteggi
Percentuale di utenti per punteggio
Percentile per numero di risposta
I tuoi punteggi nel tempo
Non hai fatto questo quiz